00588nam a2200193 a 450000100060000000300090000600800410001502000150005604000280007108200160009910000290011524500100014426000290015430000120018365000190019594200120021499900170022695201510024310761CO-ViMGA141112s2004 ck r 000 u spa d a9586333787 aCO-ViMGAbspacCO-ViMGA04a823.3 H133e1 aHaggard, Henry R.91472010aEllas aBogotá Rei Andes.1997. a333p.il14aNOVELA INGLESA 2ddccBK c22011d22011 00102ddc40708003aMEVIECARbMEVIECARd2015-12-04hVolumen. 1 | 11/jun/2009l0o823.3 H133e p10761r2015-12-04 00:00:00tEj. 1w2015-12-04yBK